000 00463nam a2200157 i 4500
001 141043
003 ES-MaACL
005 20230906200217.0
007 t|
008 070919s1908 gw ||||1| ger d
100 1 _aWedekind, Frank.
_9116281
245 1 0 _aLulu, dramatische dichtung in 2 teilen ... /
_cFrank Wedekind.
260 _aMünchen :
_bLangen,
_c1908.
300 _a195 p. ;
_c18 cm.
852 _aES-MaACL
_jG-218(2)
_q. - Encuadernado con otras obras
999 _c141043
_d141043